[Event "GER-chT School WK 4"]
[Site "Playchess.com INT"]
[Date "2020.06.16"]
[Round "4.1"]
[White "Herzogenrath, Elias"]
[Black "Huynh, Minh Luka"]
[Result "0-1"]
[WhiteElo "1538"]
[BlackElo "1620"]
[PlyCount "92"]
[EventDate "2020.06.16"]
[EventType "team-swiss (blitz)"]
[EventRounds "5"]
[EventCountry "GER"]
[SourceTitle "EXT 2021"]
[Source "ChessBase"]
[SourceDate "2020.10.23"]
[SourceVersion "1"]
[SourceVersionDate "2020.10.23"]
[SourceQuality "1"]
[WhiteTeam "Ottweiler Gymn"]
[BlackTeam "Hamburg H Schmidt Gymn"]
[WhiteTeamCountry "GER"]
[BlackTeamCountry "GER"]

1. e3 e5 2. Bc4 Nf6 3. Qe2 d5 4. Bb5+ Bd7 5. Nc3 Bxb5 6. Nxb5 a6 7. Nc3 Nc6 8. d4 e4 9. Nh3 Bb4 10. Nf4 0-0 11. Nfxd5 Bxc3+ 12. Nxc3 Re8 13. 0-0 Nd5 14. Nxd5 Qxd5 15. Rd1 Re6 16. f3 exf3 17. Qxf3 Qxf3 18. gxf3 Rg6+ 19. Kf2 h6 20. d5 Ne7 21. d6 Rxd6 22. Bd2 Rad8 23. Ke2 Ng6 24. c4 b6 25. Rg1 Rxd2+ 26. Ke1 Ne5 27. f4 Nf3+ 28. Kf1 Ra8 29. Rg3 Nxh2+ 30. Ke1 Rad8 31. Rh3 Ng4 32. f5 Rxb2 33. Rh4 Nxe3 34. Rh3 Nc2+ 35. Kf2 Nxa1+ 36. Kg3 Rd3+ 37. Kg4 Rg2+ 38. Kf4 Rxh3 39. Ke5 Re3+ 40. Kf4 Nc2 41. a3 Rf2+ 42. Kg4 Re1 43. c5 bxc5 44. Kg3 Rd2 45. Kf3 Re3+ 46. Kf4 Rd4# 0-1

[Event "GER-chT School WK 4"]
[Site "Playchess.com INT"]
[Date "2020.06.16"]
[Round "1.1"]
[White "Herzogenrath, Elias"]
[Black "Philippi, Felix"]
[Result "0-1"]
[WhiteElo "1538"]
[BlackElo "1312"]
[PlyCount "30"]
[EventDate "2020.06.16"]
[EventType "team-swiss (blitz)"]
[EventRounds "5"]
[EventCountry "GER"]
[SourceTitle "EXT 2021"]
[Source "ChessBase"]
[SourceDate "2020.10.23"]
[SourceVersion "1"]
[SourceVersionDate "2020.10.23"]
[SourceQuality "1"]
[WhiteTeam "Ottweiler Gymn"]
[BlackTeam "Ottweiler Gymn"]
[WhiteTeamCountry "GER"]
[BlackTeamCountry "GER"]

1. e3 e5 2. Qh5 Nc6 3. Bc4 Nh6 4. Nf3 d6 5. Nxe5 dxe5 6. 0-0 Bd6 7. f4 exf4 8. exf4 g6 9. Qxh6 Ne7 10. Qxh7 Rxh7 11. f5 gxf5 12. d3 Nd5 13. Bxd5 c6 14. Bf3 Qh4 15. g3 Qxh2# 0-1

[Event "GER-chT School WK 4"]
[Site "Playchess.com INT"]
[Date "2020.06.16"]
[Round "2.1"]
[White "Storck, Christopher"]
[Black "Herzogenrath, Elias"]
[Result "1-0"]
[WhiteElo "1638"]
[BlackElo "1538"]
[PlyCount "45"]
[EventDate "2020.06.16"]
[EventType "team-swiss (blitz)"]
[EventRounds "5"]
[EventCountry "GER"]
[SourceTitle "EXT 2021"]
[Source "ChessBase"]
[SourceDate "2020.10.23"]
[SourceVersion "1"]
[SourceVersionDate "2020.10.23"]
[SourceQuality "1"]
[WhiteTeam "Oberursel Gymn"]
[BlackTeam "Ottweiler Gymn"]
[WhiteTeamCountry "GER"]
[BlackTeamCountry "GER"]

1. e4 e6 2. Nf3 Nf6 3. e5 Nd5 4. c4 Nf4 5. d4 Bb4+ 6. Nc3 0-0 7. Bxf4 Be7 8. Be2 Nc6 9. 0-0 Na5 10. d5 exd5 11. cxd5 d6 12. exd6 cxd6 13. Qa4 Qc7 14. Nb5 Qb6 15. Be3 Qd8 16. Rac1 Bd7 17. Qa3 a6 18. Nbd4 Nc4 19. Bxc4 Qc7 20. Bd3 Qd8 21. Bb1 Rc8 22. Qd3 Rxc1 23. Qxh7# 1-0